Statistiques concernant Rap Français

Cliquez ici pour prendre le quiz!

Statistiques générales

  • Ce quiz a été pris 5 321 fois
  • Le résultat moyen est 15 sur 20

Statistiques - réponses

AlbumSingleRéponse% Correct
La fête est finieBasiqueOrelsan
96%
My WorldWesh AlorsJul
93%
PolakMonégasquePLK
92%
Batterie faibleAmnésieDamso
91%
FeuNique les clones, Pt. IINekfeu
91%
Nero Nemesis92i VeyronBooba
90%
Dans ma bulleLa boulette (Génération nan nan)Diam's
88%
Or NoirZooKaaris
87%
Le Monde ChicoLe monde ou rienPNL
86%
Comme PrévuMamacitaNinho
84%
A7Champs-ElyséesSCH
84%
L'ApogéeMa directionSexion D'assaut
83%
La Vraie VieDommageBigflo & Oli
76%
BenderoLunaMoha La Squale
76%
AffranchisLongue Vie (ft. Ninho & Hornet la Frappe)Fianso
74%
L'école du micro d'argentPetit FrèreIAM
69%
Première ConsultationViens voir le docteurDoc Gynéco
54%
A l'ombre du show businessBanlieusardsKery James
47%
AuthentikLe monde de demainNTM
21%
L'amour est mortJ'ai mal au micOxmo Puccino
21%

Distribution des résultats

Percentile par nombre de réponses

% des personnes avec chaque résultat

Votre développement - résultats

Vous n’avez pas pris ce quiz